000 00640cab a2200217 4500
001 X1902
008 090401t1995 xxu||||| |||| 00| 0 eng d
035 _a(Sirsi) u20264
041 _aeng
245 _aSt Albans City & District Council v International Computers Ltd
260 _c1995
350 _a0
490 _aConstruction Industry Law Letter
_v1995 CILL 1004-1005
520 _a3 October 1994. Unfair Contract Terms Act and limitation of liability.
650 _aLIABILITY
650 _aLIMITATION OF LIABILITY
650 _aUNFAIR CONTRACT TERMS ACT 1977
690 _aLAW-CASE LAW
942 _n0
948 _c04/03/1997
999 _c13578
_d13578